| Tag |
First Indicator |
Second Indicator |
Subfields |
| LEADER |
00000cam a2200000 a 4500 |
| 001 |
in00001779708 |
| 005 |
20220106093712.0 |
| 008 |
031020m20039999dcu f000 0 eng c |
| 035 |
|
|
|a (OCoLC)ocm53286309
|
| 040 |
|
|
|a GPO
|c GPO
|d MvI
|d UtOrBLW
|
| 042 |
|
|
|a pcc
|
| 043 |
|
|
|a a-iq---
|
| 049 |
|
|
|a UDOC
|
| 049 |
|
|
|a WWW
|
| 074 |
|
|
|a 1008-C
|
| 074 |
|
|
|a 1008-C (online)
|
| 074 |
|
|
|a 1008-D (MF)
|
| 074 |
|
|
|a 1008-D (online)
|
| 086 |
0 |
|
|a Y 1.1/8:108-289/PT.1-
|
| 110 |
1 |
|
|a United States.
|b Congress.
|b House.
|b Committee on International Relations.
|
| 245 |
1 |
0 |
|a Requesting the President to transmit to the House of Representatives the report prepared for the Joint Chiefs of Staff entitled "Operation Iraqi freedom strategic lessons learned" and documents in his possession on the reconstruction and security of post-war Iraq :
|b adverse report (to accompany H. Res. 364).
|
| 264 |
|
1 |
|a [Washington, D.C.] :
|b [U.S. G.P.O.],
|c [2003-]
|
| 300 |
|
|
|a volumes ;
|c 24 cm.
|
| 336 |
|
|
|a text
|b txt
|2 rdacontent
|
| 337 |
|
|
|a unmediated
|b n
|2 rdamedia
|
| 338 |
|
|
|a volume
|b nc
|2 rdacarrier
|
| 490 |
1 |
|
|a Rept. / 108th Congress, 1st session, House of Representatives ;
|v 108-289
|
| 500 |
|
|
|a Caption title.
|
| 500 |
|
|
|a Distributed to some depository libraries in microfiche.
|
| 500 |
|
|
|a Shipping list number: 2004-0009-P (pt. 1).
|
| 500 |
|
|
|a "October 1, 2003"--Pt. 1.
|
| 500 |
|
|
|a Shipping List Date: 10/17/2003
|
| 530 |
|
|
|a Also available via Internet from the GPO Access web site. Addresses as of 10/24/03: http://frwebgate.access.gpo.gov/cgi-bin/getdoc.cgi?dbname=108%5Fcong%5Freports&docid=f:hr289p1.108 (pt. 1, text version), http://frwebgate.access.gpo.gov/cgi-bin/getdoc.cgi?dbname=108%5Fcong%5Freports&docid=f:hr289p1.108.pdf (pt. 1, PDF version); current access available via PURLs.
|
| 650 |
|
0 |
|a Weapons of mass destruction
|z Iraq.
|
| 650 |
|
0 |
|a Arms control
|x Verification
|z Iraq.
|
| 810 |
1 |
|
|a United States.
|b Congress.
|b House.
|t Report ;
|v 108-289.
|
| 856 |
4 |
1 |
|3 Text version:
|u https://purl.fdlp.gov/GPO/LPS38870
|t 0
|
| 856 |
4 |
1 |
|3 PDF version:
|u https://purl.fdlp.gov/GPO/LPS38872
|t 0
|
| 999 |
|
|
|a MARS
|
| 999 |
f |
f |
|s 061caa6c-81e3-314a-841a-beac689e98da
|i 576ddc95-d774-3c54-a6cf-531f0e6e4066
|t 0
|
| 952 |
f |
f |
|a Texas A&M University
|b College Station
|c Electronic Resources
|d Available Online
|t 0
|e Y 1.1/8:108-289/PT.1-
|h Superintendent of Documents classification
|
| 998 |
f |
f |
|a Y 1.1/8:108-289/PT.1-
|t 0
|l Available Online
|